000 02397nam a22004573i 4500
001 EBC32638145
003 MiAaPQ
005 20260416173615.0
007 cr cnu||||||||
008 260416s2026 xx o ||||0 ger d
020 _a9783406846410
_q(electronic bk.)
020 _z9783406846397
040 _aMiAaPQ
_beng
_cMiAaPQ
100 1 _aNassehi, Armin.
_922144
245 1 0 _aAnmerkungen Zum Antisemitismus :
_bDie Funktion der Judenfeindschaft und das Westliche Selbstverhältnis.
250 _a1st ed.
264 1 _aMünchen :
_bC.H. Beck,
_c2026.
264 4 _c{copy}2026.
300 _a1 online resource (239 pages)
336 _aText
_btxt
_2rdacontent
337 _aComputermedien
_bc
_2rdamedia
338 _aOnline Resource
_bcr
_2rdacarrier
341 0 _bInaccessible, or known limited accessibility
_2onix
500 _aE-Book-ProQuest / Fernzugriff nach Registrierung möglich
505 0 _aCover -- Titel -- Impressum -- Inhaltsverzeichnis -- Präliminarien -- Erstens: Einleitung: Warum die Juden? -- Zweitens: Welche Frage? -- Drittens: Problem und Lösung -- Viertens: Wagner: Mensch werden I -- Fünftens: Marx: Mensch werden II -- Sechstens: Schmitt: Authentisch und intensiv werden -- Siebtens: Selbstverhältnisse -- Achtens: Die Gefahrlosigkeit der antisemitischen Rede -- Neuntens: Authentischer Selbsthass -- Anmerkungen -- Zum Buch -- Vita.
520 _aAntisemitische Denkfiguren, Chiffren, Symbole und Taten erfahren derzeit eine erhebliche Sichtbarkeit - was nicht nur mit dem Terrorangriff der Hamas auf Israel im Jahre 2023 und den militärischen und politischen Folgen dieses Ereignisses zu tun hat.
653 _aCivilization, Western.
653 _aAntisemitism.
655 _aFernzugriff
_9230
655 4 _aElectronic books.
050 4 _7Generated by AI.
082 0 _7Generated by AI.
600 1 4 _aWagner, Richard, 1813-1883
_7Generated by AI.
_948138
600 1 4 _aMarx, Karl, 1818-1883
_7Generated by AI.
_9336
600 1 4 _aSchmitt, Carl, 1888-1985
_7Generated by AI.
_961789
650 0 _7Generated by AI.
650 0 _7Generated by AI.
776 0 8 _iPrint version:
_aNassehi, Armin
_tAnmerkungen Zum Antisemitismus
_dMünchen : C.H. Beck,c2026
_z9783406846397
856 4 0 _uhttps://ebookcentral.proquest.com/lib/maxweberstiftung-ebooks/detail.action?docID=32638145
_zVolltext
942 _cEB
999 _c74091
_d74091